| 000 | 00577nam a2200217 a 4500 | ||
|---|---|---|---|
| 999 |
_c600 _d600 |
||
| 001 | 600 | ||
| 003 | CDMR | ||
| 005 | 20230920123421.0 | ||
| 008 | 130130s1985||||||||||||||||||||||||||||d | ||
| 020 | _a8438100902 | ||
| 040 |
_aCDMR _bcat _cCDMR |
||
| 100 | 1 |
_aValera Cases, Augusto _9448 |
|
| 245 | 1 | 0 |
_aCruz y drama de la música _c/ Augusto Valera Cases |
| 260 |
_aMadrid : _bAlpuerto, _c1985 |
||
| 300 | _a150 p. | ||
| 490 | 0 | _aCultura Musical | |
| 650 | 0 | 4 |
_94421 _aCrítica musical |
| 650 | 0 | 4 |
_93160 _aDrets d'autor |
| 650 | 0 | 4 |
_91724 _aRàdio _xProgramació |
| 942 |
_cMON _2udc |
||